[Event "Oberliga Baden 2223"]
[Site "Germany"]
[Date "2022.11.27"]
[Round "4.6"]
[White "Nippgen, Georg"]
[Black "Schwierskott, Marc"]
[Result "1/2-1/2"]
[WhiteElo "2221"]
[BlackElo "2150"]
[PlyCount "151"]
[EventDate "2022.09.18"]
[EventType "team-tourn"]
[EventRounds "9"]
[EventCountry "GER"]
[SourceTitle "EXT 2024"]
[Source "ChessBase"]
[SourceDate "2023.10.10"]
[SourceVersion "1"]
[SourceVersionDate "2023.10.10"]
[SourceQuality "1"]
[WhiteTeam "Ettlingen"]
[BlackTeam "Brombach"]
[WhiteTeamCountry "GER"]
[BlackTeamCountry "GER"]

1. c4 c5 2. Nf3 g6 3. e3 Bg7 4. Be2 Nf6 5. Nc3 0-0 6. d3 Nc6 7. Bd2 d5 8. cxd5 Nxd5 9. a3 b6 10. 0-0 Qd7 11. Rb1 Rd8 12. Qc2 Bb7 13. Nxd5 Qxd5 14. Rfd1 Rac8 15. Ne1 Qd7 16. Rbc1 e5 17. Qb1 a6 18. b3 Qe6 19. Bf3 Qd7 20. Bc3 Ne7 21. Qa1 Bd5 22. Rb1 Qe6 23. Rd2 b5 24. Bd1 Rd7 25. Nf3 f6 26. Ne1 Kh8 27. h3 Bb7 28. Rc1 Nd5 29. Bb2 Nb6 30. a4 b4 31. a5 Nd5 32. Rdc2 Qd6 33. Bf3 Qe7 34. d4 e4 35. Be2 Rdc7 36. dxc5 Rxc5 37. Rxc5 Rxc5 38. Rxc5 Qxc5 39. Bc4 Qe7 40. Nc2 h5 41. Qf1 Qc7 42. Qa1 Kh7 43. Nd4 Qd7 44. Ne2 h4 45. Qd1 Nb6 46. Qxd7 Nxd7 47. Nf4 f5 48. Bxg7 Kxg7 49. Ne6+ Kf6 50. Nd8 Nc5 51. Kf1 Ke7 52. Nf7 Bc8 53. Ne5 Kd6 54. f4 exf3 55. Nxf3 Be6 56. Bxe6 Kxe6 57. Nd4+ Kd5 58. Nc2 Nd3 59. Ke2 Ke4 60. Kd2 g5 61. Ke2 g4 62. Kf1 g3 63. Kg1 Kd5 64. Kf1 Kc5 65. Nd4 Kd5 66. Nxf5 Ke4 67. Nd4 Kxe3 68. Nc6 Ke4 69. Nb8 Nc5 70. Nc6 Nd3 71. Nb8 Nc5 72. Nc6 Nxb3 73. Nxb4 Nc5 74. Ke2 Nb3 75. Nxa6 Nxa5 76. Nc5+ 1/2-1/2

[Event "Verbandsliga Nordbaden 1819"]
[Site "Baden"]
[Date "2019.03.31"]
[Round "8.2"]
[White "Pfatteicher, Lukas"]
[Black "Nippgen, Georg"]
[Result "1-0"]
[WhiteElo "2137"]
[BlackElo "2239"]
[PlyCount "71"]
[EventDate "2018.10.14"]
[EventType "team-tourn"]
[EventRounds "9"]
[EventCountry "GER"]
[SourceTitle "EXT 2020"]
[Source "ChessBase"]
[SourceDate "2019.10.17"]
[SourceVersion "1"]
[SourceVersionDate "2019.10.17"]
[SourceQuality "1"]
[WhiteTeam "Karlsruhe"]
[BlackTeam "Heidelberg"]
[WhiteTeamCountry "GER"]
[BlackTeamCountry "GER"]

1. d4 Nf6 2. c4 e6 3. Nc3 Bb4 4. Qc2 c5 5. dxc5 Bxc5 6. Nf3 Nc6 7. Bg5 h6 8. Bh4 g5 9. Bg3 Nh5 10. e3 b6 11. Be2 Bb7 12. Rd1 Qe7 13. a3 a5 14. Bc7 Na7 15. Ne4 Nc8 16. Be5 0-0 17. Nxc5 bxc5 18. h4 g4 19. Nh2 f5 20. Nxg4 Be4 21. Nxh6+ Kh7 22. Qd2 Kxh6 23. Bxh5 Kxh5 24. Qe2+ Kg6 25. Rh3 f4 26. exf4 Bf5 27. g4 d6 28. gxf5+ Rxf5 29. Rg3+ Kh6 30. Rg5 Qf7 31. Qg4 Ra7 32. Rg8 dxe5 33. Rh8+ Qh7 34. Rxh7+ Rxh7 35. Rd8 Ne7 36. Rd6 1-0

[Event "Verbandsliga Nordbaden 1819"]
[Site "Baden"]
[Date "2019.03.10"]
[Round "7.3"]
[White "Bay, Nicolai"]
[Black "Nippgen, Georg"]
[Result "0-1"]
[WhiteElo "1998"]
[BlackElo "2239"]
[PlyCount "114"]
[EventDate "2018.10.14"]
[EventType "team-tourn"]
[EventRounds "9"]
[EventCountry "GER"]
[SourceTitle "EXT 2020"]
[Source "ChessBase"]
[SourceDate "2019.10.17"]
[SourceVersion "1"]
[SourceVersionDate "2019.10.17"]
[SourceQuality "1"]
[WhiteTeam "Eppingen II"]
[BlackTeam "Heidelberg"]
[WhiteTeamCountry "GER"]
[BlackTeamCountry "GER"]

1. e4 c5 2. c3 d6 3. d4 Nd7 4. Nf3 Qc7 5. Bd3 Ngf6 6. 0-0 e5 7. Qb3 h6 8. Be3 Be7 9. h3 0-0 10. Nbd2 Bd8 11. Rfd1 Re8 12. Rac1 d5 13. dxc5 Nxc5 14. Qc2 Be6 15. Bb5 Re7 16. exd5 Nxd5 17. Bxc5 Qxc5 18. Bf1 Bc7 19. Re1 Bd7 20. Nc4 Rae8 21. Rcd1 a5 22. a3 a4 23. Rd2 Bc6 24. Ne3 Nxe3 25. Rxe3 e4 26. Nd4 Bf4 27. Rd1 Bxe3 28. fxe3 Re5 29. Qf2 g6 30. Qf4 Kg7 31. Rd2 R5e7 32. h4 Qe5 33. Qf2 Rc8 34. g3 Bd5 35. Bb5 Bb3 36. Bf1 Bc4 37. Bg2 Ra8 38. Rd1 Ra6 39. Kh2 Rb6 40. Rd2 Re8 41. Qf4 Qxf4 42. gxf4 f5 43. Kg3 Kf6 44. Bh3 Rd6 45. Rf2 Rd5 46. Kh2 Bd3 47. Kg2 b5 48. Kg3 b4 49. axb4 Ra8 50. Bf1 a3 51. bxa3 Rxa3 52. Bxd3 Rxc3 53. Bxe4 Rxd4 54. Bf3 Rxe3 55. b5 Rb4 56. Re2 Rc3 57. Ra2 Rbb3 0-1

[Event "Verbandsliga Nordbaden 1819"]
[Site "Baden"]
[Date "2018.10.14"]
[Round "1.3"]
[White "Nippgen, Georg"]
[Black "Raps, Johannes"]
[Result "1-0"]
[WhiteElo "2239"]
[BlackElo "2137"]
[PlyCount "127"]
[EventDate "2018.10.14"]
[EventType "team-tourn"]
[EventRounds "9"]
[EventCountry "GER"]
[SourceTitle "EXT 2020"]
[Source "ChessBase"]
[SourceDate "2019.10.17"]
[SourceVersion "1"]
[SourceVersionDate "2019.10.17"]
[SourceQuality "1"]
[WhiteTeam "Heidelberg"]
[BlackTeam "Bad Mergentheim II"]
[WhiteTeamCountry "GER"]
[BlackTeamCountry "GER"]

1. Nf3 d5 2. c4 c6 3. b3 Bf5 4. Bb2 e6 5. e3 Nf6 6. Ne5 Bd6 7. Be2 Qc7 8. f4 Nbd7 9. Nxd7 Nxd7 10. 0-0 0-0 11. g4 Bg6 12. cxd5 exd5 13. f5 Bxh2+ 14. Kh1 Qg3 15. Rf3 Qh4 16. Kg2 Qxg4+ 17. Kxh2 Bxf5 18. Rg3 Qh4+ 19. Kg2 f6 20. d3 Ne5 21. Qf1 Bg4 22. Nd2 Rae8 23. Qf4 h5 24. Rh1 Ng6 25. Qd4 Qg5 26. Bxg4 hxg4 27. Qxg4 Qxg4 28. Rxg4 Rxe3 29. Kf2 Rfe8 30. Ne4 Rxd3 31. Nxf6+ gxf6 32. Rxg6+ Kf7 33. Rxf6+ Ke7 34. Rh7+ Kd8 35. Bc1 Rc3 36. Bg5 Rc2+ 37. Kg3 Kc8 38. Rff7 Rg8 39. Rc7+ Kb8 40. Rxb7+ Kc8 41. Rxa7 Kb8 42. Rhb7+ Kc8 43. Rc7+ Kb8 44. Rg7 Rxg7 45. Rxg7 Rxa2 46. Bf4+ Ka8 47. Bd6 Rc2 48. b4 Rc4 49. Kf3 Re4 50. Rc7 Re6 51. Rd7 Re4 52. Re7 Rh4 53. Ke3 Rg4 54. Kd3 Rg6 55. Rd7 Rg4 56. Kc3 Rh4 57. Kb3 Rh1 58. Re7 Rh6 59. Be5 Rh4 60. Rc7 Re4 61. Bd6 Re6 62. Bc5 Kb8 63. Re7 Rf6 64. Ka4 1-0

[Event "Verbandsliga Nordbaden 1718"]
[Site "Baden"]
[Date "2018.05.06"]
[Round "9.2"]
[White "Nippgen, Georg"]
[Black "Tarlev, Konstantin"]
[Result "0-1"]
[WhiteElo "2239"]
[BlackElo "2552"]
[PlyCount "86"]
[EventDate "2017.10.08"]
[EventType "team-tourn"]
[EventRounds "9"]
[EventCountry "GER"]
[SourceTitle "EXT 2019"]
[Source "ChessBase"]
[SourceDate "2018.10.10"]
[SourceVersion "1"]
[SourceVersionDate "2018.10.10"]
[SourceQuality "1"]
[WhiteTeam "Heidelberg"]
[BlackTeam "Viernheim II"]
[WhiteTeamCountry "GER"]
[BlackTeamCountry "GER"]

1. b3 e5 2. Bb2 Nc6 3. e3 Nf6 4. c4 d5 5. cxd5 Nxd5 6. a3 Bd6 7. d3 0-0 8. Nd2 f5 9. Ngf3 Qe7 10. b4 Bd7 11. Nc4 b5 12. Nxd6 cxd6 13. Be2 g5 14. Rc1 g4 15. Nd2 Nd8 16. g3 Nf7 17. e4 Nf6 18. f3 fxe4 19. Nxe4 Nxe4 20. dxe4 gxf3 21. Bxf3 Ng5 22. 0-0 Bh3 23. Bg2 Rxf1+ 24. Qxf1 Bxg2 25. Qxg2 Rf8 26. h4 Nf3+ 27. Kh1 Qe6 28. Rf1 Qg4 29. Bc1 Qxe4 30. Bf4 Nd2 31. Qxe4 Nxe4 32. Re1 Nf2+ 33. Kg2 Ng4 34. Be3 a6 35. Bb6 Kf7 36. Rc1 Ke6 37. Rc7 h5 38. Ra7 e4 39. Rxa6 e3 40. Bd4 Rf2+ 41. Kg1 Rd2 42. Bc3 Rc2 43. Rc6 Kd7 0-1

[Event "Verbandsliga Nordbaden 1617"]
[Site "Baden"]
[Date "2017.03.12"]
[Round "7.2"]
[White "Nippgen, Georg"]
[Black "Pfleger, Michael"]
[Result "1/2-1/2"]
[WhiteElo "2239"]
[BlackElo "2194"]
[PlyCount "116"]
[EventDate "2016.10.09"]
[EventType "team-tourn"]
[EventRounds "9"]
[EventCountry "GER"]
[SourceTitle "EXT 2022"]
[Source "ChessBase"]
[SourceDate "2021.10.06"]
[SourceVersion "1"]
[SourceVersionDate "2021.10.06"]
[SourceQuality "1"]
[WhiteTeam "Heidelberg"]
[BlackTeam "Bad Mergentheim II"]
[WhiteTeamCountry "GER"]
[BlackTeamCountry "GER"]

1. Nf3 c5 2. b3 Nc6 3. Bb2 Nf6 4. e3 g6 5. d4 cxd4 6. exd4 Bg7 7. d5 Nb4 8. c4 d6 9. Be2 0-0 10. 0-0 Bf5 11. Nd4 Bd7 12. Bf3 Qb6 13. Nc3 Nh5 14. Nce2 e5 15. dxe6 fxe6 16. Bxh5 gxh5 17. Qd2 e5 18. Nb5 Bxb5 19. Qxb4 Bc6 20. Qxd6 Rf6 21. Qd2 Raf8 22. Nc3 Qd4 23. Qxd4 exd4 24. Nd5 Bxd5 25. cxd5 Rf5 26. d6 Rd8 27. Rac1 Rxd6 28. Rc8+ Rf8 29. Rxf8+ Bxf8 30. Rd1 Bg7 31. Kf1 Kf7 32. Ke1 Ke6 33. Kd2 Kd5 34. Re1 Ra6 35. Re7 Rxa2 36. Kc1 Be5 37. Rxb7 Ke4 38. Rxh7 Bf4+ 39. Kb1 Ra5 40. Rf7 Bxh2 41. g3 Kd3 42. Rd7 Ke2 43. Bxd4 a6 44. Kc2 Rf5 45. Re7+ Kf3 46. Re6 a5 47. Kd3 Bg1 48. Re1 Bxf2 49. Rf1 Kxg3 50. Ke2 Rb5 51. Bxf2+ Kg4 52. Rg1+ Kf5 53. Rg3 a4 54. Rf3+ Kg4 55. Rg3+ Kf5 56. bxa4 Rb2+ 57. Kf1 Ra2 58. Rf3+ Kg4 1/2-1/2

[Event "Oberliga Baden 1516"]
[Site "Baden"]
[Date "2016.01.31"]
[Round "6.1"]
[White "Miezis, Normunds"]
[Black "Nippgen, Georg"]
[Result "1-0"]
[WhiteElo "2490"]
[BlackElo "2234"]
[PlyCount "77"]
[EventDate "2015.09.20"]
[EventType "team-tourn"]
[EventRounds "9"]
[EventCountry "GER"]
[SourceTitle "EXT 2018"]
[Source "ChessBase"]
[SourceDate "2017.10.13"]
[SourceVersion "1"]
[SourceVersionDate "2017.10.13"]
[SourceQuality "1"]
[WhiteTeam "Emmendingen"]
[BlackTeam "Handschuhsheim"]
[WhiteTeamCountry "GER"]
[BlackTeamCountry "GER"]

1. c4 e6 2. e4 c5 3. Nc3 Nc6 4. g3 d6 5. Bg2 h5 6. d3 g6 7. h3 Bg7 8. Nge2 Nge7 9. a3 a6 10. Rb1 Nd4 11. b4 Nec6 12. 0-0 0-0 13. Nxd4 Nxd4 14. bxc5 dxc5 15. Na4 Qd6 16. Nb6 Rb8 17. f4 Bd7 18. e5 Qc7 19. Be3 Bc6 20. Bxd4 cxd4 21. h4 Rfd8 22. a4 f6 23. exf6 Bxf6 24. Qe2 Re8 25. Be4 Kg7 26. a5 Rh8 27. Kg2 Rbe8 28. Qf3 Re7 29. Bxc6 bxc6 30. c5 e5 31. fxe5 Qxe5 32. Rbe1 Qf5 33. Qxc6 Rxe1 34. Rxf5 gxf5 35. Nd5 Bd8 36. Qb7+ Kf8 37. c6 Bxa5 38. c7 Bxc7 39. Qb4+ 1-0

[Event "Oberliga Baden 1516"]
[Site "Baden"]
[Date "2015.10.11"]
[Round "2.3"]
[White "Nippgen, Georg"]
[Black "Friedrich, Norbert"]
[Result "1-0"]
[WhiteElo "2234"]
[BlackElo "2258"]
[PlyCount "71"]
[EventDate "2015.09.20"]
[EventType "team-tourn"]
[EventRounds "9"]
[EventCountry "GER"]
[SourceTitle "EXT 2018"]
[Source "ChessBase"]
[SourceDate "2017.10.13"]
[SourceVersion "1"]
[SourceVersionDate "2017.10.13"]
[SourceQuality "1"]
[WhiteTeam "Handschuhsheim"]
[BlackTeam "Waldshut Tiengen"]
[WhiteTeamCountry "GER"]
[BlackTeamCountry "GER"]

1. Nf3 d5 2. e3 Nf6 3. c4 c6 4. b3 Bg4 5. Bb2 e6 6. h3 Bh5 7. Be2 Nbd7 8. 0-0 Bd6 9. d4 0-0 10. Nbd2 Qe7 11. Ne5 Bxe2 12. Qxe2 Ba3 13. Bxa3 Qxa3 14. f4 Qe7 15. b4 a5 16. bxa5 Rxa5 17. Rfb1 Ra7 18. Rb2 Nxe5 19. fxe5 Nd7 20. c5 f6 21. Rab1 Rb8 22. exf6 Nxf6 23. e4 dxe4 24. Nxe4 Nxe4 25. Qxe4 Rf8 26. Qe5 h6 27. Re2 Rd8 28. Rb4 Kh8 29. Qxe6 Qxe6 30. Rxe6 Rd7 31. a4 Kg8 32. Kf2 Ra8 33. Re3 Rf8+ 34. Ke2 Rff7 35. a5 Kf8 36. a6 1-0

[Event "GER CupT Baden Seniors final"]
[Site "Baden"]
[Date "2014.07.05"]
[Round "3.1"]
[White "Kopp, Berthold"]
[Black "Nippgen, Georg"]
[Result "0-1"]
[WhiteElo "2202"]
[BlackElo "2234"]
[PlyCount "106"]
[EventDate "2014.07.05"]
[EventType "team-k.o."]
[EventRounds "4"]
[EventCountry "GER"]
[SourceTitle "EXT 2015"]
[Source "ChessBase"]
[SourceDate "2014.11.20"]
[SourceVersion "1"]
[SourceVersionDate "2014.11.20"]
[SourceQuality "1"]
[WhiteTeam "Lahr/Offenburg"]
[BlackTeam "Heidelberg"]
[WhiteTeamCountry "GER"]
[BlackTeamCountry "GER"]

1. e4 c5 2. Nf3 e6 3. c3 Ne7 4. d4 Ng6 5. Be3 b6 6. Bd3 Be7 7. 0-0 d6 8. Re1 Nd7 9. Nbd2 0-0 10. b4 cxb4 11. cxb4 Bb7 12. Qb3 Nf6 13. h3 Rc8 14. Rac1 Rxc1 15. Rxc1 Qa8 16. Qb1 Rc8 17. Rxc8+ Qxc8 18. Qc2 d5 19. Qxc8+ Bxc8 20. e5 Nd7 21. a3 f6 22. Nb3 Kf7 23. g4 Bd8 24. Bd2 Bc7 25. exf6 gxf6 26. h4 Ndf8 27. g5 e5 28. h5 e4 29. hxg6+ hxg6 30. Be2 exf3 31. Bxf3 Be6 32. gxf6 Nh7 33. Nc1 Nxf6 34. Nd3 Ne4 35. Bc1 g5 36. Ne5+ Kf6 37. Nc6 a6 38. Bb2 Nd2 39. Be2 b5 40. Ne5 Bf5 41. Ng4+ Bxg4 42. Bxg4 Nc4 43. Bc3 Bf4 44. Bc8 Bc1 45. Bxa6 Nd6 46. a4 bxa4 47. Bd3 a3 48. Bb1 Nb5 49. Be1 Bb2 50. Ba2 Bc3 51. f4 Bxe1 52. fxg5+ Ke6 53. g6 Bc3 0-1

[Event "Baden CupT Seniors 1213"]
[Site "Baden"]
[Date "2013.07.14"]
[Round "4.1"]
[White "Nippgen, Georg"]
[Black "Werner, Clemens"]
[Result "1/2-1/2"]
[WhiteElo "2234"]
[BlackElo "2337"]
[PlyCount "44"]
[EventDate "2013.04.22"]
[EventType "team-k.o."]
[EventRounds "5"]
[EventCountry "GER"]
[SourceTitle "EXT 2014"]
[Source "ChessBase"]
[SourceDate "2013.11.20"]
[SourceVersion "1"]
[SourceVersionDate "2013.11.20"]
[SourceQuality "1"]
[WhiteTeam "Heidelberg Seniors"]
[BlackTeam "KSF/Pfinztal Seniors"]
[WhiteTeamCountry "GER"]
[BlackTeamCountry "GER"]

1. Nf3 g6 2. d4 Bg7 3. e3 Nf6 4. b4 d6 5. Nbd2 e5 6. dxe5 Ng4 7. Bb2 Nxe5 8. Nxe5 Bxe5 9. Bxe5 dxe5 10. Bc4 Qe7 11. Qf3 f5 12. h4 Nc6 13. b5 e4 14. Qf4 Ne5 15. Bb3 a6 16. bxa6 Rxa6 17. f3 exf3 18. Nxf3 Nxf3+ 19. gxf3 Be6 20. Kf2 Rd6 21. Qe5 Rf8 22. Rhd1 Bxb3 1/2-1/2

[Event "Verbandsliga Nord Baden 1112"]
[Site "Germany"]
[Date "2012.04.29"]
[Round "9.3"]
[White "Hilzinger, Markus"]
[Black "Nippgen, Georg"]
[Result "1-0"]
[WhiteElo "2087"]
[BlackElo "2234"]
[PlyCount "65"]
[EventDate "2011.10.09"]
[EventType "team-tourn"]
[EventRounds "9"]
[EventCountry "GER"]
[SourceTitle "EXT 2013"]
[Source "ChessBase"]
[SourceDate "2012.11.22"]
[SourceVersion "1"]
[SourceVersionDate "2012.11.22"]
[SourceQuality "1"]
[WhiteTeam "Pforzheim"]
[BlackTeam "Heidelberg"]
[WhiteTeamCountry "GER"]
[BlackTeamCountry "GER"]

1. c4 e6 2. Nf3 Nf6 3. g3 b6 4. Bg2 Bb7 5. 0-0 c5 6. Nc3 Be7 7. Re1 d5 8. cxd5 Nxd5 9. e4 Nxc3 10. bxc3 0-0 11. d4 Nc6 12. Bf4 Rc8 13. d5 exd5 14. exd5 Na5 15. d6 Bf6 16. d7 Ra8 17. Bd6 Bxc3 18. Be7 Qc7 19. Bxf8 Rxf8 20. Re8 Bf6 21. Ne5 Bxg2 22. Kxg2 Nc6 23. Rxf8+ Kxf8 24. Nxc6 Qxc6+ 25. Kg1 Qa8 26. Qd6+ Be7 27. Qc7 Qd8 28. Qxa7 b5 29. Rb1 b4 30. a3 Bd6 31. Re1 Be7 32. axb4 cxb4 33. Rc1 1-0

[Event "BL2-Sued 1011"]
[Site "Germany"]
[Date "2011.03.20"]
[Round "8.6"]
[White "Schenderowitsch, Michael"]
[Black "Nippgen, Georg"]
[Result "1-0"]
[WhiteElo "2270"]
[BlackElo "2250"]
[PlyCount "81"]
[EventDate "2010.10.10"]
[EventType "team-tourn"]
[EventRounds "9"]
[EventCountry "GER"]
[SourceTitle "EXT 2012"]
[Source "ChessBase"]
[SourceDate "2011.11.24"]
[SourceVersion "1"]
[SourceVersionDate "2011.11.24"]
[SourceQuality "1"]
[WhiteTeam "Schott Mainz"]
[BlackTeam "Heidelberg Handschuhsheim"]
[WhiteTeamCountry "GER"]
[BlackTeamCountry "GER"]

1. d4 Nf6 2. c4 e6 3. Nf3 Bb4+ 4. Nbd2 d6 5. Qc2 c5 6. a3 Ba5 7. e3 0-0 8. Bd3 h6 9. 0-0 Nc6 10. b3 Bd7 11. Bb2 Rc8 12. Rad1 cxd4 13. exd4 b5 14. c5 a6 15. Rfe1 Ne7 16. b4 Bc7 17. Ne4 Ned5 18. Qd2 Ne8 19. h3 Bc6 20. cxd6 Nxd6 21. Nc5 a5 22. Ne5 Be8 23. Bb1 axb4 24. axb4 Qg5 25. Qd3 g6 26. Bc1 Qh4 27. Nf3 Qh5 28. Qf1 Nf6 29. Ne5 Nd5 30. Nf3 Nf6 31. d5 exd5 32. Bb2 Nde4 33. Nxe4 dxe4 34. Bxf6 Qf5 35. Be7 Bc6 36. Bxf8 Kxf8 37. Nd4 Qe5 38. f4 Qf6 39. Nxc6 Bb6+ 40. Kh1 Rxc6 41. Rxe4 1-0

[Event "Verbandsliga Nord Baden 0910"]
[Site "Germany"]
[Date "2010.04.25"]
[Round "9.1"]
[White "Piekors, Mark"]
[Black "Nippgen, Georg"]
[Result "1-0"]
[WhiteElo "2116"]
[BlackElo "2249"]
[PlyCount "73"]
[EventDate "2009.10.11"]
[EventType "team-tourn"]
[EventRounds "9"]
[EventCountry "GER"]
[SourceTitle "EXT 2011"]
[Source "ChessBase"]
[SourceDate "2010.11.26"]
[SourceVersion "1"]
[SourceVersionDate "2010.11.26"]
[SourceQuality "1"]
[WhiteTeam "Mosbach"]
[BlackTeam "Heidelberg II"]
[WhiteTeamCountry "GER"]
[BlackTeamCountry "GER"]

1. Nf3 Nf6 2. c4 e6 3. Nc3 Bb4 4. Qb3 c5 5. a3 Ba5 6. g3 Nc6 7. Bg2 0-0 8. 0-0 d6 9. d3 h6 10. e3 a6 11. Rd1 Qc7 12. Qc2 Rb8 13. Na2 Bd7 14. Rb1 b5 15. b4 cxb4 16. axb4 Bb6 17. Bb2 Qa7 18. Bxf6 gxf6 19. cxb5 axb5 20. Nc3 Bd8 21. d4 d5 22. e4 Be7 23. exd5 Nxb4 24. Qe4 Qb7 25. Qg4+ Kh7 26. d6 Rg8 27. Qf4 Qc6 28. dxe7 Qxc3 29. Qxf6 Nd5 30. Qxf7+ Rg7 31. Qh5 Nf4 32. gxf4 Rbg8 33. Ng5+ Rxg5 34. fxg5 Rxg5 35. Qe2 Bc6 36. d5 Qg7 37. f4 1-0

[Event "Verbandsliga Nord Baden 0910"]
[Site "Germany"]
[Date "2010.01.10"]
[Round "5.4"]
[White "Nippgen, Georg"]
[Black "Belica, Matej"]
[Result "0-1"]
[WhiteElo "2249"]
[BlackElo "2108"]
[PlyCount "62"]
[EventDate "2009.10.11"]
[EventType "team-tourn"]
[EventRounds "9"]
[EventCountry "GER"]
[SourceTitle "EXT 2011"]
[Source "ChessBase"]
[SourceDate "2010.11.26"]
[SourceVersion "1"]
[SourceVersionDate "2010.11.26"]
[SourceQuality "1"]
[WhiteTeam "Heidelberg II"]
[BlackTeam "Lindenhof"]
[WhiteTeamCountry "GER"]
[BlackTeamCountry "GER"]

1. Nf3 Nf6 2. b3 e6 3. Bb2 Be7 4. d4 0-0 5. e3 d5 6. Bd3 c5 7. dxc5 Na6 8. Bxa6 Qa5+ 9. b4 Qxa6 10. a4 Qc4 11. c3 a5 12. Nbd2 Qd3 13. Ne5 Qf5 14. f4 Nd7 15. Ndf3 Nxe5 16. fxe5 axb4 17. cxb4 Qg4 18. Qd2 Bd7 19. a5 Bb5 20. Kf2 f6 21. Kg1 fxe5 22. Nxe5 Qg5 23. h4 Qh5 24. Rh3 Bd8 25. Qd1 Be2 26. Qd2 Bc7 27. Re1 Bb5 28. Qd4 Rf5 29. Nf3 Qh6 30. Qg4 Raf8 31. Nd4 Rf1+ 0-1

[Event "Bundesliga 0910"]
[Site "Germany"]
[Date "2009.12.13"]
[Round "6.8"]
[White "Cioara, Andrei Nestor"]
[Black "Nippgen, Georg"]
[Result "1-0"]
[WhiteElo "2415"]
[BlackElo "2249"]
[PlyCount "59"]
[EventDate "2009.10.16"]
[EventType "team-tourn"]
[EventRounds "15"]
[EventCountry "GER"]
[SourceTitle "CBM 133 Extra"]
[Source "ChessBase"]
[SourceDate "2010.01.05"]
[SourceVersion "1"]
[SourceVersionDate "2010.01.05"]
[SourceQuality "1"]
[WhiteTeam "Trier"]
[BlackTeam "Handschuhsheim"]
[WhiteTeamCountry "GER"]
[BlackTeamCountry "GER"]

1. d4 Nf6 2. c4 e6 3. g3 Bb4+ 4. Bd2 a5 5. Bg2 d5 6. Nf3 dxc4 7. Qc2 b5 8. Ne5 Ra6 9. a4 c6 10. e3 0-0 11. Nc3 Qb6 12. 0-0 Ra7 13. f4 Ba6 14. g4 Bd6 15. g5 Nd5 16. Rf3 f5 17. gxf6 gxf6 18. Rg3+ Kh8 19. axb5 Bxb5 20. Ng4 f5 21. Ne5 Bxe5 22. fxe5 Nd7 23. Kh1 Qd8 24. Bxd5 exd5 25. Rag1 Qe7 26. Qxf5 Raa8 27. Qh3 Rg8 28. Be1 Ba6 29. Rg4 Qf7 30. e6 1-0